000 00214nam a22000977a 4500
020 _a9780545397155
100 _aJ. & P. Voelkel.
245 _aMiddle world /
260 _aNew York
_bScholastic
_c2010
942 _cBK
999 _c266235
_d266234